000 00626nam a2200217 i 4500
001 bg
100 1 _aMARTYNIUK, Teresa
245 1 0 _aPoradnik prowadzącego księgę przychodów i rozchodów /
_cTeresa Martyniuk.
260 _aGdańsk :
_bOśrodek Doradztwa i Doskonalenia Kadr,
_c1995.
300 _a180 s. ;
_c24 cm.
504 _aBibliogr. s.168, wykaz aktów normatywnych s.169.
650 9 _aKsięgi podatkowe
655 _aPoradniki
020 _a838614114X
040 _cBPK
041 0 _apl
080 _a657:658.14
920 _a83-86141-14-X
942 _cKS
008 s pl f |000 0 pol
999 _c24556
_d24556
856 _uhttp://koha.tu.koszalin.pl/cgi-bin/koha/opac-detail.pl?biblionumber=24556
_yKatalog online BPK